000 00320 a2200157 4500
001 162171
020 _a
040 _cMagnum
100 _aRoku
240 1 0 _aOs elos da matematica/v.3
_lpor
245 1 0 _aOs elos da matematica/v.3
362 0 _a1899
440 1 _aSaraiva
697 _aPARADIDATICO
942 _cBK
999 _c162171
_d162171